Profile: Eddard Stark Quiz Stats

 Plays Quiz Updated Mar 19, 2013

Challenge
Share
Tweet
Embed
Score 0/30 Timer 05:00
3 Plays Today
% Correct
Jon Snow
96.8%
Bran Stark
95.4%
Direwolf
94.9%
Arya Stark
94.5%
Sansa Stark
94.2%
Robert Baratheon
94%
Winter is Coming
93.7%
Robb Stark
93.2%
Joffrey Baratheon
92.2%
Catelyn Stark
92.1%
Hand of the King
91.9%
Rickon Stark
89.4%
Theon Greyjoy
88.7%
Jaime Lannister
86.6%
Winterfell
86%
% Correct
Petyr Baelish
82.2%
Varys
80.6%
Ice
78.2%
Jon Arryn
77.1%
Lyanna Stark
75.8%
Benjen Stark
75.1%
Maester Luwin
73%
Rhaegar Targaryen
72.9%
Brandon Stark
72.8%
Ilyn Payne
70.5%
Grand Maester Pycelle
68.2%
Bran the Builder
62.7%
Renly Baratheon
61.1%
Jory Cassel
59.8%
Barristan Selmy
40.3%

You're not logged in!

Compare scores with friends on all Sporcle quizzes.
Join for Free
OR
Log In

You Might Also Like...

Show Comments

Extras

Top Quizzes Today


Score Distribution

Your Account Isn't Verified!

In order to create a playlist on Sporcle, you need to verify the email address you used during registration. Go to your Sporcle Settings to finish the process.

Report this User

Report this user for behavior that violates our Community Guidelines.

Details: